Brest - Choix multiples - Statistiques

Statistiques générales
  • Ce quiz a été pris 291 fois
    9 depuis la dernière actualisation
  • Le résultat moyen est 8 sur 10
Statistiques - réponses
Question Réponse % Correct
Quel secteur d'activité est le plus grand employeur de la ville ? (21 180 emplois) Défense
100%
Quel événement marquant se déroule tous les quatre ans à Brest ? Fête maritime
100%
Quel est le nom du fleuve qui coule à Brest ? La Penfeld
100%
Quelle image correspond au pont de Recouvrance ?
88%
Quel est le surnom des joueurs du stade brestois ? Les Pirates
88%
Quel est le nom historique des habitants de Brest même / ceux de la rive gauche ? Ty-zef
88%
Quelle est l'utilisation historique du port de Brest ? Marine Royale
75%
Qu'est-il arrivé à Paul Deschanel, ancien sous-préfet de la ville de Brest et président durant la IIIe république ? Il est tombé d'un train en marche
63%
Qui a écrit un poème sur la ville de Brest durant la Seconde Guerre mondiale ? Jacques Prévert
38%
Parmi les choix suivants, laquelle de ces affirmations sur Brest est correcte ? Premier marégraphe au monde
38%
Aucun quiz correspondant
Distribution des résultats
% des personnes avec chaque résultat
Percentile par nombre de réponses
Votre historique - résultats
Vous n’avez pas pris ce quiz depuis la dernière actualisation